Arabische Geisterbeschworungen aus Agypten /
Main Author:
Format: Book
Language:
German
Arabic
Published:
Leipzig :
Otto Harrassowitz,
1950.
Series:
Sammlung orientalistischer Arbeiten ;
19. Heft.
Subjects:
Tags: Add Tag
Call Number: PJ1487 .L57 1950
| LEADER | 00897cam a2200265 i 4500 | ||
|---|---|---|---|
| 001 | ocm51242450 | ||
| 003 | OCoLC | ||
| 005 | 20240222003912.0 | ||
| 008 | 910520s1950 gw b 000 0 ger | ||
| 041 | 0 | |a ger |a ara | |
| 043 | |a f-ua--- | ||
| 050 | 1 | 4 | |a PJ1487 |b .L57 1950 |
| 100 | 1 | |a Littmann, Enno, |d 1875-1958, |e author. | |
| 245 | 1 | 0 | |a Arabische Geisterbeschworungen aus Agypten / |c herausgegeben, ubersetzt und erlatert von Enno Littmann. |
| 264 | 1 | |a Leipzig : |b Otto Harrassowitz, |c 1950. | |
| 300 | |a viii, 114 pages ; |c 24 cm | ||
| 336 | |a text |b txt |2 rdacontent | ||
| 337 | |a unmediated |b n |2 rdamedia | ||
| 338 | |a volume |b nc |2 rdacarrier | ||
| 490 | 1 | |a Sammlung orientalistischer Arbeiten ; |v 19. Heft. | |
| 546 | |a In German and Arabic. | ||
| 504 | |a Includes bibliographical references. | ||
| 650 | 0 | |a Incantations. | |
| 830 | 0 | |a Sammlung orientalistischer Arbeiten ; |v 19. Heft. | |
| 999 | |c 57031 |d 57031 | ||
